Language hub B2 : upper intermediate
Saved in:
| Main Authors | , |
|---|---|
| Format | Book |
| Language | English |
| Published |
London :
Macmillan Education,
2020-
|
| Edition | First published |
| Subjects | |
| ISBN | 978-1-380-01730-7 978-1-380-01733-8 978-1-380-01732-1 |
| Physical Description | ^^^svazků : barevné ilustrace ; 30 cm |
| LEADER | 00000nam a2200000 i 4500 | ||
|---|---|---|---|
| 001 | 115632 | ||
| 003 | CZ ZlUTB | ||
| 005 | 20260512081421.0 | ||
| 007 | ta | ||
| 008 | 250704m20209999xxka g p 000 0 eng | ||
| 020 | |a 978-1-380-01730-7 |q (student's book ; |q brožováno) | ||
| 020 | |a 978-1-380-01733-8 |q (workbook with key ; |q brožováno) | ||
| 020 | |a 978-1-380-01732-1 |q (teacher's book ; |q brožováno) | ||
| 040 | |a OLA001 |b cze |e rda | ||
| 072 | 7 | |a 811.111 |x Angličtina |2 Konspekt |9 11 | |
| 072 | 7 | |a 37.016 |x Učební osnovy. Vyučovací předměty. Učebnice |2 Konspekt |9 22 | |
| 080 | |a 811.111 |2 MRF | ||
| 080 | |a 81'24 |2 MRF | ||
| 080 | |a (075) |2 MRF | ||
| 080 | |a (076.1) |2 MRF | ||
| 080 | |a (072) |2 MRF | ||
| 080 | |a (07.063)81 |2 MRF | ||
| 100 | 1 | |a Rogers, Louis |7 mzk2013749966 |4 aut | |
| 245 | 1 | 0 | |a Language hub B2 : |b upper intermediate / |c Louis Rogers |
| 250 | |a First published | ||
| 264 | 1 | |a London : |b Macmillan Education, |c 2020- | |
| 300 | |a ^^^svazků : |b barevné ilustrace ; |c 30 cm | ||
| 336 | |a text |b txt |2 rdacontent | ||
| 337 | |a bez média |b n |2 rdamedia | ||
| 338 | |a svazek |b nc |2 rdacarrier | ||
| 505 | 1 | |a Student's book / Louis Rogers. vi, 177 stran -- Workbook with key + access to audio. 96 stran -- Teacher's book / Charlotte Rance. 302 stran v různém stránkování | |
| 521 | 8 | |a Pro jazykovou úroveň B2 | |
| 650 | 0 | 7 | |a angličtina |7 ph114056 |2 czenas |
| 650 | 0 | 7 | |a jazyková výuka |7 ph162894 |2 czenas |
| 650 | 0 | 9 | |a English language |2 eczenas |
| 650 | 0 | 9 | |a language teaching and learning |2 eczenas |
| 653 | 0 | |a jazyková úroveň B2 | |
| 655 | 7 | |a učebnice |7 fd133770 |2 czenas | |
| 655 | 7 | |a pracovní sešity |7 fd133116 |2 czenas | |
| 655 | 7 | |a metodické příručky |7 fd132826 |2 czenas | |
| 655 | 7 | |a jazykové učebnice, texty, příručky (B) |7 fd600891 |2 czenas | |
| 655 | 9 | |a textbooks |2 eczenas | |
| 655 | 9 | |a activity books |2 eczenas | |
| 655 | 9 | |a methodological manuals |2 eczenas | |
| 655 | 9 | |a language textbooks, texts, handbooks (B) |2 eczenas | |
| 700 | 1 | |a Rance, Charlotte |7 xx0284290 |4 aut | |
| 910 | |a ZLD002 | ||
| 942 | |2 udc | ||
| 952 | |0 0 |1 0 |4 0 |6 8020ROGERSL |7 0 |8 BOOK |9 191096 |a UTBZL |b UTBZL |c 019 |d 2026-05-12 |h Student's book |l 0 |o 802.0/ROGERS,L. |p 420010202093 |r 2026-05-12 08:15:37 |v 554.00 |w 2026-05-12 |x N:nákup |y 08 | ||
| 952 | |0 0 |1 0 |4 0 |6 8020ROGERSL |7 0 |8 BOOK |9 191097 |a UTBZL |b UTBZL |c 019 |d 2026-05-12 |h Student's book |l 0 |o 802.0/ROGERS,L. |p 420010202090 |r 2026-05-12 08:15:48 |v 554.00 |w 2026-05-12 |x N:nákup |y 08 | ||
| 952 | |0 0 |1 0 |4 0 |6 8020ROGERSL |7 0 |8 BOOK |9 191098 |a UTBZL |b UTBZL |c 019 |d 2026-05-12 |h Student's book |l 0 |o 802.0/ROGERS,L. |p 420010202091 |r 2026-05-12 08:15:58 |v 554.00 |w 2026-05-12 |x N:nákup |y 08 | ||
| 952 | |0 0 |1 0 |4 0 |6 8020ROGERSL |7 0 |8 BOOK |9 191099 |a UTBZL |b UTBZL |c 019 |d 2026-05-12 |h Student's book |l 0 |o 802.0/ROGERS,L. |p 420010202092 |r 2026-05-12 08:16:09 |v 554.00 |w 2026-05-12 |x N:nákup |y 08 | ||
| 992 | |a BK |b SKNEW | ||
| 999 | |c 115632 |d 115632 | ||